[Event "Agen_2017-Accession"]
[Site "Agen"]
[Date "2017.08.21"]
[Round "3.1"]
[White "Midoux, Sebastien"]
[Black "Degraeve, Jean-Marc"]
[Result "1/2-1/2"]
[WhiteElo "2321"]
[BlackElo "2587"]
[PlyCount "96"]
[EventDate "2017.08.??"]
[EventType "swiss"]
[EventRounds "9"]
[EventCountry "FRA"]
[WhiteClock "0:20:22"]
[BlackClock "0:27:44"]

1. Nf3 g6 2. d4 Bg7 3. e3 c5 4. dxc5 Qa5+ 5. Nbd2 Qxc5 6. Be2 b6 7. O-O Bb7 8.
a4 a5 9. e4 Ba6 10. Bd3 Nf6 11. Qe2 O-O 12. Nb3 Qc8 13. e5 Nd5 14. Bxa6 Nxa6
15. Rd1 Ndb4 16. Bg5 f6 17. exf6 exf6 18. c3 fxg5 19. cxb4 Nxb4 20. Nxg5 Qc6
21. Nf3 Rae8 22. Qd2 Re4 23. Qxd7 Qxd7 24. Rxd7 Bxb2 25. Rad1 Bf6 26. Rb7 Nc2
27. Rc1 Rb4 28. Rxc2 Rxb3 29. h4 Rb4 30. Rc6 Rxa4 31. Rbxb6 Bd8 32. Rb7 Rb4 33.
Rxb4 axb4 34. Rc5 Bf6 35. Rb5 Bc3 36. Ng5 h6 37. Ne4 Rc8 38. Rb7 Be5 39. Kf1
Rc4 40. f3 Rc1+ 41. Ke2 Rc2+ 42. Ke3 Rxg2 43. Rxb4 Rh2 44. Rb5 Bg7 45. Rb6 Kh7
46. Rb7 Kg8 47. Rb8+ Kh7 48. Rb7 Kg8 {Kd4} 1/2-1/2

[Event "Agen_2017-Accession"]
[Site "Agen"]
[Date "2017.08.19"]
[Round "3.5"]
[White "Loiseau, Quentin"]
[Black "Pucher, Sebastien"]
[Result "1/2-1/2"]
[WhiteElo "2425"]
[BlackElo "2360"]
[PlyCount "81"]
[EventDate "2017.08.??"]
[EventType "swiss"]
[EventRounds "9"]
[EventCountry "FRA"]
[WhiteTeam "C.E. de Rueil Malmaison"]
[BlackTeam "Club d'Echecs Metz Fischer"]

1. d4 d5 2. c4 dxc4 3. Nf3 Nf6 4. e3 Bg4 5. Bxc4 e6 6. h3 Bh5 7. Nbd2 Nbd7 8.
b3 a6 9. Bb2 c5 10. Be2 cxd4 11. Bxd4 Bc5 12. Bb2 O-O 13. O-O Nd5 14. Nc4 f6
15. Nd4 Bxe2 16. Qxe2 Qe7 17. Rfd1 N7b6 18. Nxb6 Nxb6 19. Rac1 Rac8 20. Qf3
Bxd4 21. Bxd4 Rxc1 22. Rxc1 Rc8 23. Qd1 Rxc1 24. Qxc1 Nd5 25. e4 Nc7 26. Bb6
Ne8 27. Qc8 Kf7 28. Bd8 Nd6 29. Bxe7 Nxc8 30. Bc5 Ne7 31. Kf1 Nc6 32. Ke2 b5
33. Kd3 h5 34. a4 Ne5+ 35. Kc3 Nc6 36. f3 Kg6 37. Be3 Kf7 38. Bc5 Kg6 39. Bd6
Kf7 40. g4 g6 41. axb5 1/2-1/2

[Event "Agen_2017-Accession"]
[Site "Agen"]
[Date "2017.08.22"]
[Round "4.3"]
[White "Pucher, Sebastien"]
[Black "Le Roux, Jean-Pierre"]
[Result "0-1"]
[WhiteElo "2360"]
[BlackElo "2543"]
[PlyCount "129"]
[EventDate "2017.08.??"]
[EventType "swiss"]
[EventRounds "9"]
[EventCountry "FRA"]
[WhiteClock "0:01:03"]
[BlackClock "0:05:37"]

1. Nf3 Nf6 2. c4 c5 3. g3 d5 4. cxd5 Nxd5 5. Bg2 Nc6 6. Nc3 Nc7 7. d3 e5 8. Nd2
Be7 9. Nc4 f6 10. O-O O-O 11. f4 exf4 12. Bxf4 Ne6 13. Bd2 Re8 14. Ne3 Ned4 15.
Ned5 Bg4 16. h3 Bh5 17. g4 Bg6 18. Rc1 Rc8 19. Ne4 b6 20. e3 Ne6 21. Bc3 Rf8
22. Ng3 Bd6 23. Nf5 Bxf5 24. gxf5 Ng5 25. h4 Nf7 26. Nf4 Bxf4 27. Rxf4 Qd6 28.
Rc2 Nfe5 29. Rd2 Kh8 30. b3 Qe7 31. Qe2 Rfd8 32. d4 Nd7 33. Re4 Qf8 34. Re6 Ne7
35. d5 Nxf5 36. Qg4 Nh6 37. Qf4 b5 38. d6 Nf7 39. Bh3 b4 40. Bb2 Rc6 41. Bf5
Nde5 42. Bxh7 Rcxd6 43. Rdxd6 Rxd6 44. Rxd6 Qxd6 45. Bxe5 Qxe5 46. Bd3 Qa1+ 47.
Bf1 Ne5 48. Qf2 Qd1 49. Qe2 Qxe2 50. Bxe2 g5 51. Kg2 Kg7 52. hxg5 fxg5 53. e4
Kf6 54. Kf2 Nf7 55. Ke3 Ke5 56. Kd3 Kd6 57. Bd1 Ne5+ 58. Ke3 c4 59. bxc4 Kc5
60. Bb3 a5 61. Bc2 Nxc4+ 62. Kd3 Ne5+ 63. Ke3 Kc4 64. Bd1 Kc3 65. Ba4 {Kd4+
Kxd4} 0-1

[Event "Agen_2017-Accession"]
[Site "Agen"]
[Date "2017.08.19"]
[Round "5.5"]
[White "Ollier, Pablo"]
[Black "Lacroix, Romain"]
[Result "1/2-1/2"]
[WhiteElo "2395"]
[BlackElo "2255"]
[PlyCount "135"]
[EventDate "2017.08.??"]
[EventType "swiss"]
[EventRounds "9"]
[EventCountry "FRA"]
[WhiteTeam "Echiquier Médocain"]
[BlackTeam "C.E.I. Toulouse"]

1. d4 Nf6 2. c4 e6 3. Nc3 Bb4 4. e3 O-O 5. Bd3 d5 6. cxd5 exd5 7. Nge2 c5 8. a3
cxd4 9. axb4 dxc3 10. O-O Nc6 11. b5 Nb4 12. Nxc3 Nxd3 13. Qxd3 Be6 14. Qd4 Qb6
15. Rd1 Rfd8 16. f3 h6 17. Ra3 Rdc8 18. g4 Qc5 19. Qxc5 Rxc5 20. Rd4 Bd7 21.
Rda4 Bxb5 22. Ra5 Rac8 23. Bd2 a6 24. Nxb5 axb5 25. Bc3 Ne8 26. Ra8 f6 27. R3a7
Rxa8 28. Rxa8 Kf7 29. Bd4 Rc6 30. h4 Nd6 31. h5 Rc8 32. Ra7 Rc6 33. Ra8 Rc8 34.
Ra3 Rc2 35. Rb3 Ke6 36. Kf1 Kd7 37. Ke1 Kc6 38. Rc3+ Rxc3 39. Bxc3 Kd7 40. Ke2
Nf7 41. Bb4 Nd8 42. f4 Ke6 43. Kd3 Nc6 44. Bc3 Ke7 45. e4 Ke6 46. Ke3 dxe4 47.
Kxe4 Ne7 48. f5+ Kf7 49. b4 Nc6 50. Kd5 Ke7 51. Kc5 Ne5 52. Kxb5 Nxg4 53. Kb6
Ne3 54. Kxb7 Nxf5 55. Kc6 Nd6 56. Bd4 Ke6 57. Bc5 Nc4 58. b5 f5 59. Bd4 f4 60.
Bxg7 f3 61. Bd4 Nd6 62. b6 Nc4 63. Bf2 Nxb6 64. Bxb6 Kf5 65. Kd5 Kg4 66. Ke4 f2
67. Bxf2 Kxh5 68. Kf5 1/2-1/2

[Event "Agen_2017-Accession"]
[Site "Agen"]
[Date "2017.08.19"]
[Round "5.6"]
[White "Brochet, Philippe"]
[Black "Calistri, Tristan"]
[Result "1-0"]
[WhiteElo "2417"]
[BlackElo "2293"]
[PlyCount "57"]
[EventDate "2017.08.??"]
[EventType "swiss"]
[EventRounds "9"]
[EventCountry "FRA"]
[WhiteTeam "Echecs Club Montpellier"]
[BlackTeam "La tour de Juvisy"]

1. e4 c5 2. Na3 g6 3. c3 Bg7 4. Nf3 d6 5. d4 cxd4 6. cxd4 Nf6 7. Bd3 O-O 8. O-O
Bg4 9. Be3 Nc6 10. h3 Bxf3 11. Qxf3 Nd7 12. Nc2 Qb6 13. Qg4 Qd8 14. f4 e5 15.
fxe5 dxe5 16. d5 Nd4 17. Nxd4 exd4 18. Bg5 Qc7 19. Be7 Ne5 20. d6 Nxg4 21. dxc7
Rfe8 22. Bd8 Ne5 23. Bb5 Rexd8 24. cxd8=Q+ Rxd8 25. Rac1 a6 26. Ba4 d3 27. Rc7
b5 28. Bb3 Nc4 29. Rfxf7 1-0

[Event "Agen_2017-Accession"]
[Site "Agen"]
[Date "2017.08.24"]
[Round "6.4"]
[White "Lacroix, Romain"]
[Black "Loiseau, Quentin"]
[Result "0-1"]
[WhiteElo "2255"]
[BlackElo "2425"]
[PlyCount "132"]
[EventDate "2017.08.??"]
[EventType "swiss"]
[EventRounds "9"]
[EventCountry "FRA"]
[WhiteClock "0:01:36"]
[BlackClock "0:12:24"]

1. d4 Nf6 2. Nf3 d6 3. g3 g6 4. Bg2 Bg7 5. O-O O-O 6. Re1 Nc6 7. d5 Nb4 8. e4
e6 9. a3 Na6 10. c4 Nc5 11. Nc3 a5 12. Qc2 exd5 13. cxd5 Re8 14. Bf4 a4 15.
Rad1 Bg4 16. h3 Bxf3 17. Bxf3 Nfd7 18. Be3 Re7 19. h4 Qe8 20. Bg5 Bf6 21. Kg2
Bxg5 22. hxg5 Re5 23. Qc1 f6 24. gxf6 Nxf6 25. Qf4 Qe7 26. Qh4 Rf8 27. Re3 Qf7
28. Rd2 Nb3 29. Rd1 g5 30. Qh3 h5 31. Be2 g4 32. Qh4 Nxd5 33. Nxd5 Rxd5 34.
exd5 Qxf2+ 35. Kh1 Qxe3 36. Qxh5 Rf2 37. Qxg4+ Kh8 38. Bd3 Qh6+ 39. Qh4 Qxh4+
40. gxh4 Rf4 41. Re1 Rxh4+ 42. Kg2 Rd4 43. Bf1 Rxd5 44. Re8+ Kg7 45. Re7+ Kf6
46. Rxc7 Nc5 47. Bc4 Rd4 48. Rf7+ Ke5 49. Bb5 Rd2+ 50. Rf2 Ne4 51. Rxd2 Nxd2
52. Bxa4 Nc4 53. Kf3 Nxb2 54. Bb5 Kd4 55. a4 b6 56. Bc6 Nd1 57. Ke2 Nc3+ 58.
Kd2 Kc4 59. Ke3 d5 60. Kd2 d4 61. Be8 Ne4+ 62. Ke2 Kc3 63. Bb5 Nc5 64. Kf3 d3
65. Ke3 d2 66. Be2 Nxa4 {Kd4+} 0-1

[Event "Agen_2017-Accession"]
[Site "Agen"]
[Date "2017.08.19"]
[Round "7.2"]
[White "Philippe, Guillaume"]
[Black "Degraeve, Jean-Marc"]
[Result "0-1"]
[WhiteElo "2364"]
[BlackElo "2587"]
[PlyCount "94"]
[EventDate "2017.08.??"]
[EventType "swiss"]
[EventRounds "9"]
[EventCountry "FRA"]
[WhiteClock "0:14:01"]
[BlackClock "0:25:32"]

1. e4 g6 2. d4 Bg7 3. Nc3 c6 4. Nf3 d6 5. a4 Nf6 6. Be2 O-O 7. O-O Qc7 8. h3 e5
9. dxe5 dxe5 10. Be3 Nbd7 11. Bc4 b6 12. Qb1 Ne8 13. Qa2 Nd6 14. Bb3 Nc5 15.
Bxc5 bxc5 16. Rfd1 Rb8 17. Qa3 c4 18. Qxd6 Qxd6 19. Rxd6 cxb3 20. cxb3 Rxb3 21.
Rxc6 Rxb2 22. Rc7 Rb7 23. Rxb7 Bxb7 24. Rb1 Bc6 25. Rb4 f6 26. Rc4 Bb7 27. Nd2
Rc8 28. Rxc8+ Bxc8 29. Kf1 Bf8 30. Ke2 Kf7 31. Kd3 Bc5 32. f3 Ke6 33. Kc4 Bf2
34. Ndb1 h5 35. Na3 a6 36. Nd5 f5 37. Nb1 fxe4 38. fxe4 Kd6 39. Nbc3 Be6 40.
Ne2 g5 41. Nc1 g4 42. hxg4 Bxg4 43. Nb4 h4 44. Nbd3 Bg3 45. Kc3 Bf3 46. gxf3 h3
47. Ne2 Bh4 {Kd4} 0-1

[Event "Agen_2017-Accession"]
[Site "Agen"]
[Date "2017.08.25"]
[Round "7.5"]
[White "Rodriguez, Adrien"]
[Black "Brochet, Philippe"]
[Result "1/2-1/2"]
[WhiteElo "2252"]
[BlackElo "2417"]
[PlyCount "122"]
[EventDate "2017.08.??"]
[EventType "swiss"]
[EventRounds "9"]
[EventCountry "FRA"]
[WhiteTeam "Lutèce Echecs"]
[BlackTeam "Echecs Club Montpellier"]
[TimeControl "900"]

1. d4 d5 2. c4 dxc4 3. Nc3 a6 4. e3 b5 5. a4 b4 6. Nb1 Bb7 7. Nf3 Nf6 8. Bxc4
e6 9. O-O Nbd7 10. Qe2 c5 11. a5 Bd6 12. Nbd2 Qc7 13. Bd3 cxd4 14. exd4 O-O 15.
Re1 Rfd8 16. g3 e5 17. dxe5 Nxe5 18. Nxe5 Bxe5 19. Qxe5 Qxe5 20. Rxe5 Rxd3 21.
Re1 Rc8 22. Nf1 h5 23. Ra4 b3 24. Be3 Rc2 25. Rd4 Be4 26. Rxd3 Bxd3 27. Bd4 Ne4
28. Re3 Nxf2 29. Re8+ Kh7 30. Bxf2 Rxb2 31. Rd8 Bc2 32. Nd2 Ra2 33. Rb8 b2 34.
Bd4 Ra1+ 35. Kf2 Rd1 36. Ke2 Rxd2+ 37. Kxd2 {b1 Rxb1} Bb1 38. h4 Kg6 39. Ke3 f6
40. Kf4 Bf5 41. Bc3 Bh3 42. Bd4 Kh6 43. Kf3 Bg4+ 44. Kf4 g5+ 45. hxg5+ fxg5+
46. Ke3 Kg6 47. Bb6 Kf5 48. Bc7 Bd1 49. Bd8 Kg4 50. Kf2 Ba4 51. Be7 Bc6 52. Bd8
Bb7 53. Be7 h4 54. gxh4 Kxh4 55. Ke3 Kg4 56. Kd2 Kf4 57. Kc3 g4 58. Bd6+ Kf3
59. Kxb2 g3 60. Bxg3 Kxg3 61. Ka1 Kf2 1/2-1/2

[Event "Agen_2017-Accession"]
[Site "Agen"]
[Date "2017.08.26"]
[Round "8.1"]
[White "Degraeve, Jean-Marc"]
[Black "Le Roux, Jean-Pierre"]
[Result "1/2-1/2"]
[WhiteElo "2587"]
[BlackElo "2543"]
[PlyCount "104"]
[EventDate "2017.08.??"]
[EventType "swiss"]
[EventRounds "9"]
[EventCountry "FRA"]
[WhiteClock "0:19:52"]
[BlackClock "0:02:52"]

1. e4 c6 2. d4 d5 3. e5 Bf5 4. h4 Qc7 5. Nc3 a6 6. g4 Bd7 7. Be3 e6 8. f4 c5 9.
Nge2 cxd4 10. Nxd4 Bb4 11. Qd2 Ne7 12. a3 Bxc3 13. Qxc3 Qxc3+ 14. bxc3 Ba4 15.
Rb1 b5 16. Kd2 Nd7 17. h5 Rc8 18. Bd3 O-O 19. Rbf1 Rfe8 20. Rhg1 Nc5 21. f5
Ne4+ 22. Bxe4 dxe4 23. h6 Nd5 24. hxg7 Kxg7 25. fxe6 fxe6 26. Ne2 Red8 27. Bd4
Nxc3 28. Nxc3 Rxd4+ 29. Ke3 Rdc4 30. Nxe4 Bxc2 31. Nd6 Rc3+ 32. Kd2 Rd3+ 33.
Kc1 Rxd6 34. exd6 Bd3+ 35. Kb2 Bxf1 36. Rxf1 Rd8 37. Rd1 Kf6 38. Kb3 a5 39. a4
bxa4+ 40. Kxa4 e5 41. Kxa5 Ke6 42. Rh1 Rxd6 43. Rxh7 Kd5 44. g5 Kd4 45. Rh1 Ke3
46. Re1+ Kf4 47. Kb4 Rc6 48. Rg1 Rg6 49. Rf1+ Kxg5 50. Kc5 Rf6 51. Re1 Rf5 52.
Kd5 Kf6 {Kxe5+ Kxe5} 1/2-1/2